Elden Ring Characters (Revealed Before Release) - Statistics

General Stats
  • This quiz has been taken 440 times
    349 since last reset
  • The average score is 18 of 22
Answer Stats
Hint Answer % Correct
The Grafted King, self proclaimed Lord of all that is Golden Godrick the Grafted
99%
The queen of the Lands Between Marika the Eternal
97%
Known as the Conqueror of the Stars General Radahn
96%
The first Elden Lord, often depicted with a white lion-like beast Godfrey, the First Elden Lord
96%
The player character is part of this group of people The Tarnished
96%
Acts as the players Finger Maiden, though she is no maiden herself Melina
95%
Known as the Spectral Steed, summoned using a ring whistle Torrent
95%
Guards Stormveil Castle, his curse marks were regarded as an ominous sign for the royal family Margit the Fell Omen
93%
Pot person who is stuck in a hole on first meeting the player Alexander, the Iron Fist
92%
Four armed pale blue being with a spirit seemingly linked to her The Storyteller
92%
Fought the below in a battle which led to stalemate, also called "The Valkyrie" Malenia, Blade of Miquella
90%
Masked person, refers to the player as "maidenless" White-Faced Varre
84%
Was killed after the Rune of Death was stolen by the black riders Godwyn the Golden
82%
Lady sorcerer who offers to educate the player in glintstone magic Sorceress Sellen
81%
Nomadic merchant with a similar dress sense to Father Christmas Merchant Kalé
78%
Large dragon who burned down a village in Limgrave Flying Dragon Agheel
66%
Demi-human who was transfigured into a tree for a while Boc
65%
Stormveil sorcerer with a fancy dress sense Rogier
64%
Assists the player when invaded by Bloody Finger Nerijus Bloody Finger Hunter Yura
60%
Tells the player of secret entrance to Stormveil Castle Gatekeeper Gostoc
60%
This presence left the Lands Between after the shattering of the Elden Ring The Greater Will
55%
One of the 16 Crucible Knights, who wore the Crucible Axe armour Ordovis
39%
No matching quizzes found
Score Distribution
Percent of People with Each Score
Percentile by Number Answered
Your Score History
You have not taken this quiz since the last reset